[Event "IX Open"]
[Site "Condino ITA"]
[Date "2009.07.28"]
[Round "2"]
[White "Poletti, Fausto"]
[Black "Marangoni, Simone"]
[Result "1/2-1/2"]
[WhiteElo "1894"]
[BlackElo "1703"]
[PlyCount "147"]
[EventDate "2009.07.27"]

1. Nf3 Nf6 2. c4 g6 3. Nc3 Bg7 4. g3 O-O 5. Bg2 d6 6. O-O Bg4 7. d3 Nc6 8. Rb1
Qd7 9. b4 Bh3 10. b5 Nd8 11. Qb3 Bxg2 12. Kxg2 b6 13. e4 Ne6 14. a4 Nc5 15. Qc2
e5 16. Nh4 Nh5 17. Qe2 Bf6 18. Nf3 Qg4 19. h3 Qd7 20. Nh2 Bg7 21. g4 Nf4+ 22.
Bxf4 exf4 23. Nd5 Nxa4 24. Qc2 Nc5 25. Nxf4 f5 26. f3 fxe4 27. fxe4 Be5 28. Nd5
Ne6 29. Qd2 g5 30. Nf3 Nf4+ 31. Nxf4 Bxf4 32. Qa2 Qe6 33. Nd4 Qh6 34. Nf5 Qe6
35. Rf3 Kh8 36. Rbf1 h6 37. Qe2 a5 38. bxa6 Rxa6 39. R3f2 Rfa8 40. Qb2+ Be5 41.
Qb5 Ra2 42. Qc6 Rxf2+ 43. Rxf2 Rc8 44. Ra2 Kh7 45. Ra7 Qf7 46. Rb7 Kg6 47. Rxb6
h5 48. gxh5+ Kxh5 49. Rb5 Qe6 50. Qd5 Qf6 51. Qb7 Qd8 52. Qc6 Qf6 53. Rb7 g4
54. hxg4+ Kxg4 55. Qd7 Rg8 56. Nh6+ Kf4+ 57. Nxg8 Qg5+ 58. Kf1 Kg3 59. Ke2 Bd4
60. Kd1 Qe3 61. Rb3 Qf3+ 62. Kc2 Qe2+ 63. Kc1 Qe1+ 64. Kc2 Qe2+ 65. Kc1 Be3+
66. Kb1 Qd1+ 67. Ka2 Bd4 68. Rb2 Bxb2 69. Kxb2 Qd2+ 70. Ka1 Qc3+ 71. Ka2 Qc2+
72. Ka1 Qc3+ 73. Ka2 Qc2+ 74. Ka1 1/2-1/2

[Event "IX Open"]
[Site "Condino ITA"]
[Date "2009.07.28"]
[Round "2"]
[White "Popa, Claudiu"]
[Black "Giovannini, Roberto"]
[Result "1-0"]
[WhiteElo "2233"]
[BlackElo "1976"]
[PlyCount "127"]
[EventDate "2009.07.27"]

1. e4 c5 2. c3 d5 3. exd5 Qxd5 4. d4 Nc6 5. Nf3 Bg4 6. Be2 cxd4 7. cxd4 e6 8.
O-O Nf6 9. Be3 Be7 10. Nc3 Qd8 11. h3 Bh5 12. Qb3 Rb8 13. Rfd1 Nd5 14. Nxd5
exd5 15. Bf4 O-O 16. Bxb8 Qxb8 17. Qxd5 Bxf3 18. Qxf3 Rd8 19. d5 Ne5 20. Qe4
Bd6 21. Rac1 Re8 22. Bb5 Re7 23. Qf5 Rc7 24. Rxc7 Qxc7 25. Re1 g6 26. Qe4 a6
27. Ba4 b5 28. Bb3 a5 29. Qc2 Qd7 30. Qe2 Qb7 31. f4 Nd7 32. Qf3 Nb6 33. a3
Bc5+ 34. Kh1 Qd7 35. Qe4 Kf8 36. Qe5 Kg8 37. Qe8+ Kg7 38. Qxd7 Nxd7 39. g4 Kf6
40. Bc2 h6 41. Kg2 Nb6 42. Bb3 a4 43. Ba2 b4 44. Rc1 Nd7 45. axb4 Bxb4 46. Rc4
Bd2 47. Rxa4 Nc5 48. Rd4 Be3 49. Rc4 g5 50. b4 Nd3 51. fxg5+ hxg5 52. d6 Ne5
53. Re4 Bb6 54. b5 Bd8 55. Ra4 Bb6 56. Ra6 Nd7 57. Bd5 Be3 58. Bc6 Nb6 59. Kf3
Bc5 60. Ke4 Ke6 61. d7 Ke7 62. Ra7 Nc4 63. Ra8 Bb6 64. Re8+ 1-0

[Event "IX Open"]
[Site "Condino ITA"]
[Date "2009.07.28"]
[Round "2"]
[White "Qendro, Llambi"]
[Black "Gardi, Giuseppe"]
[Result "1/2-1/2"]
[WhiteElo "2349"]
[BlackElo "2017"]
[PlyCount "34"]
[EventDate "2009.07.27"]

1. Nf3 Nf6 2. c4 d6 3. Nc3 g6 4. d4 Bg7 5. e4 O-O 6. Be2 Nbd7 7. O-O e5 8. d5
Nc5 9. Qc2 a5 10. Ne1 c6 11. Be3 cxd5 12. cxd5 b6 13. f3 Nh5 14. Nd3 f5 15. a3
f4 16. Bf2 Qg5 17. Rab1 Bh3 1/2-1/2

[Event "IX Open"]
[Site "Condino ITA"]
[Date "2009.07.28"]
[Round "2"]
[White "Rossi, Giampiero"]
[Black "Ubezio, Marco"]
[Result "1/2-1/2"]
[WhiteElo "1934"]
[BlackElo "2144"]
[PlyCount "58"]
[EventDate "2009.07.27"]

1. d4 d5 2. c4 Nc6 3. cxd5 Qxd5 4. Nf3 e5 5. Nc3 Bb4 6. Bd2 Bxc3 7. Bxc3 e4 8.
Ne5 Nxe5 9. dxe5 Qxd1+ 10. Rxd1 Be6 11. a3 Ne7 12. e3 Nd5 13. Bd4 O-O 14. Be2
a5 15. O-O Rfc8 16. Rc1 b6 17. Bc4 c5 18. Bxd5 Bxd5 19. Bc3 Bb3 20. f3 exf3 21.
gxf3 Rd8 22. Kf2 Ra7 23. Rg1 Rad7 24. Rg3 Be6 25. Rcg1 g6 26. f4 Rd1 27. Rxd1
Rxd1 28. Rg1 Rxg1 29. Kxg1 Bd5 1/2-1/2

[Event "IX Open"]
[Site "Condino ITA"]
[Date "2009.07.28"]
[Round "2"]
[White "Salvo, Guglielmo"]
[Black "Caputi, Nicola"]
[Result "1-0"]
[WhiteElo "1762"]
[BlackElo "2053"]
[PlyCount "91"]
[EventDate "2009.07.27"]

1. e4 c5 2. f4 g6 3. Nf3 Bg7 4. Bc4 e6 5. c3 Ne7 6. d3 d6 7. Be3 Nbc6 8. O-O
O-O 9. Nbd2 b6 10. Bb3 Bb7 11. Ng5 d5 12. Qg4 Qd7 13. Qh3 h6 14. Ngf3 d4 15.
cxd4 cxd4 16. Bf2 Ba6 17. Ne1 Na5 18. Bd1 Rac8 19. Bh4 f5 20. Bxe7 Qxe7 21. e5
Rc7 22. Qg3 Kh7 23. Qf2 Qd7 24. Nb3 Nxb3 25. Bxb3 Rfc8 26. Qd2 Bb7 27. Rd1 Bd5
28. Bxd5 Qxd5 29. a3 Bf8 30. Qf2 a5 31. h3 b5 32. Kh2 b4 33. axb4 axb4 34. Nf3
Bc5 35. Ra1 b3 36. Ra5 Ra7 37. Rxa7+ Bxa7 38. Ra1 Bb6 39. Qh4 Qd7 40. Ra6 Qb7
41. Ng5+ Kg8 42. Qxh6 Rc7 43. Qxg6+ Kh8 44. Qe8+ Kg7 45. Nxe6+ Kh7 46. Ra8 1-0

[Event "IX Open"]
[Site "Condino ITA"]
[Date "2009.07.28"]
[Round "2"]
[White "Saviano, Sabato"]
[Black "De Polzer, Manfredi"]
[Result "0-1"]
[WhiteElo "1695"]
[BlackElo "1813"]
[PlyCount "92"]
[EventDate "2009.07.27"]

1. e4 e6 2. d4 d5 3. exd5 exd5 4. Nf3 Bg4 5. Be2 Bd6 6. Nc3 c6 7. h3 Bf5 8. O-O
Nf6 9. Bg5 Nbd7 10. Bd3 Be6 11. Nd2 Qc7 12. f4 h6 13. Bxf6 Nxf6 14. f5 Bd7 15.
Qe2+ Kf8 16. Qf3 Re8 17. Rae1 Qb6 18. Rxe8+ Kxe8 19. Nb3 Kd8 20. Re1 Qc7 21.
Na4 Re8 22. Rxe8+ Kxe8 23. c4 dxc4 24. Bxc4 b5 25. Qe2+ Kf8 26. Bd3 bxa4 27.
Nd2 Qb6 28. Nf3 c5 29. dxc5 Qxc5+ 30. Kf1 Bg3 31. Qd2 Nd5 32. a3 Nf4 33. Ba6
Bb5+ 34. Bxb5 Qxb5+ 35. Kg1 Kg8 36. f6 Qb6+ 37. Kh1 Qxf6 38. Qd7 Ne6 39. Qc8+
Kh7 40. Qc2+ g6 41. Qd2 Qf5 42. Qd1 Nf4 43. Nd4 Qd3 44. Qg1 Qd2 45. Nf3 Qxb2
46. Qxa7 Qxg2# 0-1

[Event "IX Open"]
[Site "Condino ITA"]
[Date "2009.07.28"]
[Round "2"]
[White "Schaberg, Wolfgang"]
[Black "Zerba, Fabio"]
[Result "1-0"]
[WhiteElo "1953"]
[BlackElo "1482"]
[PlyCount "113"]
[EventDate "2009.07.27"]

1. e4 d5 2. exd5 Qxd5 3. Nc3 Qa5 4. Nf3 Bg4 5. d4 Nf6 6. Bc4 e6 7. O-O c6 8.
Re1 Bd6 9. h3 Bh5 10. Qd3 Bg6 11. Qe2 Qc7 12. Bg5 Na6 13. d5 cxd5 14. Bxa6 bxa6
15. Qxa6 Ne4 16. Nb5 Qb6 17. Nxd6+ Qxd6 18. Qa4+ Qd7 19. Qd4 Nxg5 20. Nxg5 O-O
21. c3 h6 22. Nf3 Qd8 23. b4 a6 24. a4 Qc7 25. Rec1 Qc4 26. Qxc4 dxc4 27. Rd1
Rfd8 28. Kf1 Kf8 29. Ke1 Ke8 30. Rxd8+ Rxd8 31. Rd1 Rxd1+ 32. Kxd1 Be4 33. Ke2
Bd3+ 34. Ke3 f6 35. Ne1 Bf1 36. Kd4 Kd7 37. Kc5 Kc7 38. h4 g5 39. g3 gxh4 40.
gxh4 f5 41. Nf3 Bd3 42. a5 Be2 43. Nd4 Bd3 44. Nxe6+ Kd7 45. Kd5 Be4+ 46. Ke5
Kc6 47. Nd4+ Kc7 48. Nxf5 Bd3 49. Nxh6 Kc6 50. f4 Kb5 51. f5 Ka4 52. f6 Kb3 53.
f7 Kxc3 54. f8=Q Kb3 55. Kd4 Be2 56. Qc5 Bf1 57. Nf5 1-0

[Event "IX Open"]
[Site "Condino ITA"]
[Date "2009.07.28"]
[Round "2"]
[White "Sigillo, Carmelo"]
[Black "Carfagna, Alex"]
[Result "1-0"]
[WhiteElo "1803"]
[BlackElo "1560"]
[PlyCount "67"]
[EventDate "2009.07.27"]

1. e4 e5 2. Nf3 Nc6 3. Bb5 a6 4. Ba4 b5 5. Bb3 d6 6. O-O Be7 7. a4 Bg4 8. Bd5
Bd7 9. axb5 axb5 10. Rxa8 Qxa8 11. Qe2 Qb8 12. c3 Nf6 13. Bb3 O-O 14. d4 Bg4
15. d5 Na5 16. Bc2 Bxf3 17. Qxf3 c5 18. dxc6 Nxc6 19. Rd1 b4 20. Nd2 bxc3 21.
bxc3 Rc8 22. Qd3 Na5 23. Ba3 Qc7 24. Bb4 Nc6 25. Bb3 Nxb4 26. cxb4 Qc3 27. Qxc3
Rxc3 28. f3 g6 29. Kf2 Bd8 30. Ra1 Bb6+ 31. Ke2 Re3+ 32. Kd1 Rd3 33. Kc2 Bd4
34. Ra8+ 1-0

[Event "IX Open"]
[Site "Condino ITA"]
[Date "2009.07.28"]
[Round "2"]
[White "Staresina, Mirko"]
[Black "Monticone, Sonia"]
[Result "0-1"]
[WhiteElo "1661"]
[BlackElo "1805"]
[PlyCount "164"]
[EventDate "2009.07.27"]

1. c4 e6 2. e4 d5 3. cxd5 exd5 4. exd5 Qxd5 5. Nc3 Qd8 6. Bc4 Nf6 7. Nf3 Be7 8.
O-O Bg4 9. Qb3 O-O 10. Ne5 Bh5 11. Qxb7 Bd6 12. d4 Nbd7 13. Bf4 Nb6 14. Bb3 a6
15. f3 Nfd7 16. g4 Qf6 17. Bg3 Bg6 18. f4 h6 19. Nxg6 Qxg6 20. Qf3 Nf6 21. h3
h5 22. g5 Nfd7 23. h4 Qh7 24. Rac1 g6 25. Ne4 Qg7 26. Qd3 Rfd8 27. Nxd6 cxd6
28. f5 d5 29. Rc6 Rac8 30. Rfc1 Nc4 31. Rxc8 Rxc8 32. Bxc4 dxc4 33. Rxc4 Rd8
34. fxg6 fxg6 35. Rc6 Nf8 36. Qc4+ Qf7 37. Be5 a5 38. Qxf7+ Kxf7 39. Ra6 Rd5
40. Kf2 Rb5 41. b3 Nd7 42. Bc7 Rf5+ 43. Ke3 Rf1 44. Rxa5 Nf8 45. d5 Re1+ 46.
Kd4 Nd7 47. Bd6 Rd1+ 48. Ke3 Nb6 49. Ra7+ Kg8 50. Ke4 Nxd5 51. Ke5 Nb6 52. Rb7
Re1+ 53. Kd4 Nc8 54. Be5 Rd1+ 55. Kc5 Kf8 56. a4 Ne7 57. Bd6 Rd5+ 58. Kc4 Rxd6
59. b4 Rc6+ 60. Kb5 Rc8 61. a5 Nf5 62. Rd7 Rb8+ 63. Ka4 Ne7 64. b5 Nc8 65. Rc7
Kg8 66. Rc6 Kg7 67. a6 Kf8 68. Ka5 Na7 69. Rf6+ Ke8 70. b6 Nc8 71. Rxg6 Kf7 72.
Rc6 Ke8 73. Rh6 Kd7 74. Rxh5 Nxb6 75. Rh7+ Kc6 76. Rh6+ Kc5 77. Rxb6 Rxb6 78.
a7 Rb1 79. Ka4 Ra1+ 80. Kb3 Kd4 81. h5 Rxa7 82. h6 Rh7 0-1

[Event "IX Open"]
[Site "Condino ITA"]
[Date "2009.07.28"]
[Round "2"]
[White "Trifoni, Giorgio"]
[Black "Bini, Lorenzo"]
[Result "1/2-1/2"]
[WhiteElo "1596"]
[BlackElo "1947"]
[PlyCount "66"]
[EventDate "2009.07.27"]

1. g3 g6 2. Bg2 Bg7 3. d3 c6 4. Nd2 d6 5. e3 Nf6 6. Ne2 Nbd7 7. a3 O-O 8. d4 d5
9. b3 e5 10. dxe5 Ng4 11. Bb2 Ngxe5 12. Rb1 Re8 13. O-O Nc5 14. Nd4 Bd7 15.
N2f3 Qe7 16. Re1 Rad8 17. Nxe5 Bxe5 18. c3 Qf8 19. b4 Ne4 20. c4 Qh6 21. cxd5
cxd5 22. Nf3 Bxb2 23. Rxb2 Bg4 24. Qd4 Qh5 25. Nd2 Qe5 26. f3 Qxd4 27. exd4
Nxd2 28. Rxe8+ Rxe8 29. Rxd2 Bf5 30. Kf2 Rc8 31. g4 Be6 32. Ke3 Rc3+ 33. Rd3
Rc2 1/2-1/2

[Event "IX Open"]
[Site "Condino ITA"]
[Date "2009.07.28"]
[Round "2"]
[White "Weinberg, Emanuele"]
[Black "Pipitone, Antonio"]
[Result "0-1"]
[WhiteElo "1883"]
[BlackElo "2061"]
[PlyCount "110"]
[EventDate "2009.07.27"]

1. d4 Nf6 2. c4 g6 3. Nc3 Bg7 4. e4 d6 5. h3 O-O 6. Be3 e5 7. d5 c5 8. Qd2 Na6
9. Be2 Bd7 10. Bg5 Qa5 11. Nf3 Kh8 12. O-O Ng8 13. Nb5 Qb6 14. a3 Nc7 15. Nxc7
Qxc7 16. Qc2 f6 17. Be3 f5 18. Bd3 f4 19. Bd2 Bf6 20. Be2 Kg7 21. Kh2 g5 22. g4
Ne7 23. Ne1 Ng6 24. f3 Rh8 25. Nd3 h5 26. Kg2 hxg4 27. hxg4 Rh7 28. Rh1 Nh4+
29. Kf2 Rah8 30. Rh2 Ng6 31. Rxh7+ Rxh7 32. Rg1 Qd8 33. Qd1 Qh8 34. Qf1 Rh2+
35. Ke1 Ba4 36. Nf2 Qd8 37. Rh1 Rh4 38. Bc3 Qb6 39. Rxh4 Nxh4 40. Kd2 Bd8 41.
Bd1 Bb3 42. Be2 Qa6 43. Nh3 Kg6 44. Nf2 Ba5 45. Nd3 Qb6 46. Nc1 Bxc4 47. Kc2
Bxc3 48. Kxc3 Bxe2 49. Qxe2 Qa5+ 50. Kc2 Qa4+ 51. Kb1 c4 52. Na2 Qb3 53. Nc3 a6
54. Ka1 b5 55. Nb1 Nxf3 0-1

[Event "IX Open"]
[Site "Condino ITA"]
[Date "2009.07.28"]
[Round "2"]
[White "Zallocco, Marco"]
[Black "Menon, Michele"]
[Result "0-1"]
[WhiteElo "1468"]
[BlackElo "1741"]
[PlyCount "26"]
[EventDate "2009.07.27"]

1. d4 d6 2. Bf4 g6 3. e3 Bg7 4. Nf3 Nf6 5. Nbd2 Nbd7 6. Bd3 a6 7. c3 c5 8. O-O
O-O 9. Re1 b5 10. a3 Bb7 11. dxc5 Nxc5 12. Qc2 Rc8 13. Ne4 Ncxe4 0-1

[Event "IX Open"]
[Site "Condino ITA"]
[Date "2009.07.28"]
[Round "2"]
[White "Zuccaro, Guido"]
[Black "Righi, Ezio"]
[Result "0-1"]
[WhiteElo "1705"]
[BlackElo "2111"]
[PlyCount "104"]
[EventDate "2009.07.27"]

1. c4 b6 2. Nc3 Bb7 3. d3 f5 4. e3 Nf6 5. Nf3 e6 6. Be2 Be7 7. O-O O-O 8. Qc2
a6 9. e4 fxe4 10. dxe4 d6 11. Rd1 Qe8 12. Nd4 Bd8 13. b4 Nbd7 14. Bb2 Ne5 15.
h3 Ng6 16. a4 Qf7 17. Rf1 Nd7 18. Bg4 Re8 19. Bh5 Nf6 20. Be2 Nf4 21. Bf3 Nd7
22. Nce2 Ne5 23. Nxf4 Nxf3+ 24. Nxf3 Qxf4 25. Rfe1 Be7 26. Re2 Rf8 27. Rae1 a5
28. b5 Rac8 29. Qc3 Qh6 30. Qe3 Qg6 31. Nd4 Rce8 32. f4 Bf6 33. Nf3 Bxb2 34.
Rxb2 Qf6 35. Rbe2 Qxf4 36. Qd3 Qg3 37. Re3 Qg6 38. Qe2 Rf4 39. e5 Bxf3 40. Rxf3
dxe5 41. Re3 e4 42. Rxe4 Rxe4 43. Qxe4 Qxe4 44. Rxe4 Kf7 45. Kf2 Rd8 46. Ke2
Rd7 47. g3 Kf6 48. h4 e5 49. g4 Rd4 50. Ke3 Rd1 51. c5 Re1+ 52. Kd3 Rxe4 0-1

[Event "IX Open"]
[Site "Condino ITA"]
[Date "2009.07.28"]
[Round "3"]
[White "Beccaris, Gabriele"]
[Black "Panjkovic, Aleksandar"]
[Result "1-0"]
[WhiteElo "2037"]
[BlackElo "2122"]
[PlyCount "49"]
[EventDate "2009.07.27"]

1. e4 d5 2. exd5 Qxd5 3. Nc3 Qd6 4. d4 Nf6 5. Nf3 a6 6. Be2 Nbd7 7. O-O b5 8.
Re1 Bb7 9. Ne5 c5 10. Bf3 Bxf3 11. Qxf3 Rc8 12. Bf4 Qb6 13. Nxd7 Nxd7 14. Ne4
e6 15. d5 e5 16. Ng5 Bd6 17. Bxe5 O-O 18. Qf5 g6 19. Qxd7 Bxe5 20. Rxe5 Rc7 21.
Qh3 f6 22. Re6 Qb7 23. Ne4 f5 24. Nf6+ Kh8 25. Qc3 1-0

[Event "IX Open"]
[Site "Condino ITA"]
[Date "2009.07.28"]
[Round "3"]
[White "Bini, Lorenzo"]
[Black "Pandini, Giuseppe"]
[Result "1-0"]
[WhiteElo "1947"]
[BlackElo "1715"]
[PlyCount "51"]
[EventDate "2009.07.27"]

1. g3 e6 2. Bg2 d5 3. d3 Nf6 4. a3 Be7 5. e3 c5 6. f4 Nc6 7. Nf3 O-O 8. O-O Qc7
9. Nc3 a6 10. h3 b5 11. Ne2 Bb7 12. Bd2 Rfd8 13. g4 Bd6 14. g5 Nd7 15. Nh2 Ne7
16. e4 dxe4 17. dxe4 c4 18. Qe1 a5 19. Ng4 Bc5+ 20. Kh1 Bb6 21. Bc3 Nf8 22. Qh4
Nfg6 23. Qh5 Nc6 24. Bf6 gxf6 25. Qh6 Nf8 26. gxf6 1-0

[Event "IX Open"]
[Site "Condino ITA"]
[Date "2009.07.28"]
[Round "3"]
[White "Bonugli, Carlo"]
[Black "Sigillo, Carmelo"]
[Result "1-0"]
[WhiteElo "2003"]
[BlackElo "1803"]
[PlyCount "87"]
[EventDate "2009.07.27"]

1. e4 c5 2. Nc3 d6 3. g3 Nf6 4. Bg2 Nc6 5. d3 Rb8 6. f4 b5 7. e5 Nxe5 8. fxe5
dxe5 9. Nf3 Bb7 10. O-O b4 11. Ne2 Qc7 12. h3 Rd8 13. Qe1 Nd5 14. Ng5 Nf6 15.
Ne4 Nxe4 16. dxe4 e6 17. Be3 Be7 18. c3 Ba6 19. Rf2 Rd3 20. Nc1 Rd7 21. cxb4
cxb4 22. Nb3 O-O 23. Rc1 Qb8 24. Nc5 Bxc5 25. Bxc5 Rc8 26. Be3 Rcd8 27. Rd2
Rxd2 28. Bxd2 Rd4 29. Be3 Rd7 30. Bf1 Bxf1 31. Qxf1 f6 32. Qa6 Kf7 33. Rc8 Qb7
34. Qxb7 Rxb7 35. Ra8 b3 36. a3 f5 37. Rxa7 Rxa7 38. Bxa7 fxe4 39. Kf2 Kf6 40.
Ke3 Kf5 41. Bb8 h5 42. a4 g5 43. a5 g4 44. h4 1-0

[Event "IX Open"]
[Site "Condino ITA"]
[Date "2009.07.28"]
[Round "3"]
[White "Buglisi, Massimo"]
[Black "Gastaldello, Lorenzo"]
[Result "0-1"]
[WhiteElo "1938"]
[BlackElo "1620"]
[PlyCount "140"]
[EventDate "2009.07.27"]

1. d4 d5 2. c4 c6 3. Nc3 e6 4. e4 Bb4 5. cxd5 cxd5 6. e5 Nc6 7. Be3 Nge7 8. Bd3
Nf5 9. Nge2 Nxe3 10. fxe3 Qg5 11. Nf4 Nxd4 12. exd4 Bxc3+ 13. bxc3 Qxf4 14.
Bb5+ Bd7 15. Bxd7+ Kxd7 16. Qa4+ Kc7 17. Qb4 Qe3+ 18. Kd1 Qd3+ 19. Kc1 Rad8 20.
Rb1 b6 21. Kb2 Qc4 22. Qa3 Kb7 23. Rhf1 Rd7 24. Rf2 Rc8 25. Rbf1 Qc7 26. Rf3 a5
27. Qb3 Ka7 28. Qc2 g6 29. g4 b5 30. Qb3 Rb8 31. a3 Rb7 32. Ka2 Qc4 33. Qxc4
dxc4 34. Kb2 Ka6 35. Kc2 Kb6 36. g5 Kc6 37. Kd2 Kd5 38. Rf4 b4 39. axb4 axb4
40. cxb4 Rxb4 41. Rxf7 Rxf7 42. Rxf7 Kxd4 43. Rxh7 Rb2+ 44. Kc1 Rg2 45. h4 Kxe5
46. Rf7 Rh2 47. Rf6 Rxh4 48. Rxg6 Rg4 49. Rg8 Kf5 50. Rc8 Kxg5 51. Rc5+ Kf6 52.
Kd2 e5 53. Ke3 Rd4 54. Rc8 Ke6 55. Re8+ Kd5 56. Rd8+ Kc5 57. Rc8+ Kb4 58. Re8
Rd1 59. Ke2 Rd5 60. Ke3 Kc3 61. Rc8 Kb3 62. Rb8+ Kc2 63. Rc8 c3 64. Ke4 Rb5 65.
Rc7 Kb2 66. Kd3 e4+ 67. Kc4 c2 68. Kxb5 c1=Q 69. Rxc1 Kxc1 70. Kc4 Kd2 0-1

[Event "IX Open"]
[Site "Condino ITA"]
[Date "2009.07.28"]
[Round "3"]
[White "Caputi, Nicola"]
[Black "Facchetti, Lorenzo"]
[Result "1/2-1/2"]
[WhiteElo "2053"]
[BlackElo "1807"]
[PlyCount "42"]
[EventDate "2009.07.27"]

1. c4 e6 2. Nf3 d5 3. b3 Nf6 4. g3 Nbd7 5. Bb2 c6 6. Bg2 Qb6 7. Qc2 Be7 8. O-O
O-O 9. d3 Re8 10. e4 dxe4 11. dxe4 e5 12. Nxe5 Nxe5 13. Bxe5 Ng4 14. Bb2 Bc5
15. Nc3 f5 16. h3 Nxf2 17. Na4 Nxe4+ 18. Kh2 Qa5 19. Rae1 Rd8 20. Rxe4 fxe4 21.
Qxe4 Bf8 1/2-1/2

[Event "IX Open"]
[Site "Condino ITA"]
[Date "2009.07.28"]
[Round "3"]
[White "Carfagna, Alex"]
[Black "Zuccaro, Guido"]
[Result "0-1"]
[WhiteElo "1560"]
[BlackElo "1705"]
[PlyCount "94"]
[EventDate "2009.07.27"]

1. e4 e6 2. d4 d5 3. e5 c5 4. c3 Qb6 5. Nf3 Bd7 6. a3 Nc6 7. b4 cxd4 8. cxd4
Nge7 9. Be2 Nf5 10. Be3 Rc8 11. O-O Be7 12. Qd2 O-O 13. Nc3 f6 14. b5 Na5 15.
Qb2 Nc4 16. Bxc4 Rxc4 17. Rfc1 Rfc8 18. a4 Be8 19. Nd2 Bh5 20. exf6 Bxf6 21.
Ne2 Bxe2 22. Nxc4 Bxc4 23. Rd1 Nxe3 24. fxe3 e5 25. Ra3 exd4 26. exd4 Re8 27.
a5 Qxb5 28. Qxb5 Bxb5 29. Rc3 Bc4 30. Rcc1 b5 31. axb6 axb6 32. Kh1 b5 33. Re1
Rxe1+ 34. Rxe1 Bxd4 35. Rd1 Bc5 36. g3 d4 37. Kg2 d3 38. Kf3 Kf7 39. Ke4 Ke6
40. h3 Bf2 41. g4 g5 42. Kf3 Bc5 43. Ke4 Bd6 44. Kd4 Bf4 45. Re1+ Kd7 46. Kc3
d2 47. Rd1 Be2 0-1

[Event "IX Open"]
[Site "Condino ITA"]
[Date "2009.07.28"]
[Round "3"]
[White "Catalano, Luigi"]
[Black "Frugoni, Giulio"]
[Result "0-1"]
[WhiteElo "1679"]
[BlackElo "1753"]
[PlyCount "77"]
[EventDate "2009.07.27"]

1. e4 c5 2. c4 e6 3. Nc3 Nc6 4. f4 b6 5. Nf3 Bb7 6. e5 Nd4 7. Nxd4 cxd4 8. Nb5
Bc5 9. Qg4 Ne7 10. Qxg7 Rg8 11. Qxh7 Rf8 12. d3 Nf5 13. Rg1 Ne3 14. Bxe3 dxe3
15. a3 e2 16. Bxe2 a6 17. Nd6+ Bxd6 18. exd6 Qf6 19. d4 Qxd4 20. Kf1 Rh8 21.
Qd3 Qxf4+ 22. Bf3 Rxh2 23. b3 O-O-O 24. b4 Rg8 25. Ra2 Bxf3 26. Ke1 Qg3+ 27.
Rf2 Qe5+ 28. Kd2 Qb2+ 29. Ke3 Qe5+ 30. Kd2 Be4 31. Qe2 Rg3 32. c5 Qc3+ 33. Kd1
Rd3+ 34. Qxd3 Qxd3+ 35. Ke1 Qb1+ 36. Kd2 Qxg1 37. Rxf7 Qd4+ 38. Ke2 Rxg2+ 39.
Kf1 0-1

[Event "IX Open"]
[Site "Condino ITA"]
[Date "2009.07.28"]
[Round "3"]
[White "Cosenza, Gianni"]
[Black "Trifoni, Giorgio"]
[Result "1/2-1/2"]
[WhiteElo "1927"]
[BlackElo "1596"]
[PlyCount "109"]
[EventDate "2009.07.27"]

1. e4 b6 2. d4 Bb7 3. Bd3 e6 4. Nf3 Ne7 5. O-O d6 6. c4 Nd7 7. Nc3 a6 8. Qe2 c5
9. Be3 h6 10. Rad1 cxd4 11. Bxd4 e5 12. Be3 Qc7 13. b3 Ng6 14. Qd2 Be7 15. Bb1
Nf6 16. h3 O-O 17. Rc1 Kh7 18. Nd5 Nxd5 19. exd5 Bc8 20. Ne1 f5 21. Qe2 Qd8 22.
Nf3 Bd7 23. Rfd1 a5 24. Qc2 Rf6 25. Re1 Kg8 26. Rcd1 f4 27. Bc1 Bf5 28. Qb2
Bxb1 29. Qxb1 Qc8 30. Bb2 Qf5 31. Qxf5 Rxf5 32. Kh2 Bh4 33. Rd2 Re8 34. Ba3 Rf6
35. Rde2 Bg5 36. Nd4 Nf8 37. Nb5 Rd8 38. g3 h5 39. h4 Bh6 40. Kh3 fxg3 41. fxg3
Ng6 42. Kg2 Rd7 43. Rf2 Rxf2+ 44. Kxf2 Bd2 45. Re2 Bb4 46. Bxb4 axb4 47. Ke3
Ne7 48. Rf2 g6 49. Rf6 Nf5+ 50. Kf2 Kg7 51. Re6 Kf7 52. Kf3 Kg7 53. Kf2 Rf7 54.
Kg1 Rd7 55. Kg2 1/2-1/2

[Event "IX Open"]
[Site "Condino ITA"]
[Date "2009.07.28"]
[Round "3"]
[White "De Polzer, Manfredi"]
[Black "Bini, Massimo"]
[Result "0-1"]
[WhiteElo "1813"]
[BlackElo "2066"]
[PlyCount "52"]
[EventDate "2009.07.27"]

1. e4 e5 2. Nf3 Nf6 3. Nxe5 d6 4. Nf3 Nxe4 5. Bc4 d5 6. Qe2 Be7 7. O-O Nf6 8.
Bb3 O-O 9. d4 Nc6 10. c3 Bg4 11. Nbd2 Re8 12. Qd3 Bh5 13. Qb1 Bd6 14. Bc2 Qe7
15. h3 Ne4 16. Nxe4 dxe4 17. Re1 Bxf3 18. gxf3 Qh4 19. Rxe4 Qxh3 20. Bf4 Rxe4
21. Bxd6 Rh4 22. Bh2 Qxh2+ 23. Kf1 Re8 24. Be4 Qh1+ 25. Ke2 Qxb1 26. Rxb1 f5
0-1

[Event "IX Open"]
[Site "Condino ITA"]
[Date "2009.07.28"]
[Round "3"]
[White "Di Paolo, Raffaele"]
[Black "Salvo, Guglielmo"]
[Result "1-0"]
[WhiteElo "2318"]
[BlackElo "1762"]
[PlyCount "65"]
[EventDate "2009.07.27"]

1. e4 e5 2. Nf3 Nc6 3. d4 exd4 4. Nxd4 Nxd4 5. Qxd4 Qf6 6. e5 Qb6 7. Qxb6 axb6
8. Nc3 Bb4 9. Bd2 Bxc3 10. Bxc3 Ne7 11. Bd3 O-O 12. O-O Nd5 13. Bd2 Re8 14.
Rfe1 c6 15. c4 Nc7 16. f4 Na6 17. b4 c5 18. a3 g6 19. g4 Rd8 20. f5 d6 21. Bg5
Re8 22. b5 Nb8 23. exd6 Bd7 24. Be7 Kg7 25. Kf2 f6 26. Re6 Bxe6 27. fxe6 h6 28.
h4 f5 29. gxf5 Rf8 30. Rg1 Rxa3 31. Rxg6+ Kh7 32. Bxf8 Rxd3 33. e7 1-0

[Event "IX Open"]
[Site "Condino ITA"]
[Date "2009.07.28"]
[Round "3"]
[White "Dieli, Riccardo"]
[Black "Bouanani, Denis"]
[Result "1-0"]
[WhiteElo "1907"]
[BlackElo "1533"]
[PlyCount "209"]
[EventDate "2009.07.27"]

1. Nf3 d5 2. c4 e6 3. d4 Nf6 4. Bg5 Be7 5. e3 O-O 6. a3 Nbd7 7. c5 c6 8. Nc3
Re8 9. Bd3 h6 10. Bh4 b6 11. b4 Bb7 12. O-O b5 13. a4 a6 14. Qc2 Nh5 15. Bxe7
Qxe7 16. Nd2 e5 17. Nb3 e4 18. Be2 Nhf6 19. Na5 Nf8 20. Rfc1 Rec8 21. Ra3 Ne6
22. Rca1 Qc7 23. Qa2 Rab8 24. axb5 axb5 25. f3 exf3 26. Bxf3 Ba8 27. Qf2 Ng5
28. Nb3 Nxf3+ 29. Qxf3 Qe7 30. Nd2 Re8 31. Nd1 Ne4 32. Nxe4 Qxe4 33. Qxe4 dxe4
34. Nc3 Bb7 35. Ra7 f5 36. Kf2 Ra8 37. R7a2 Reb8 38. Kg3 Kh7 39. Rxa8 Rxa8 40.
Rxa8 Bxa8 41. Kf4 Kg6 42. g4 fxg4 43. Kxg4 Bb7 44. Nxe4 Bc8+ 45. Kf4 Be6 46.
Nc3 Kf6 47. e4 g5+ 48. Ke3 Bd7 49. d5 Ke5 50. d6 h5 51. Nd1 Be6 52. Nf2 Bd7 53.
Nd3+ Ke6 54. Kd4 Bc8 55. Ne5 Bb7 56. h3 Kf6 57. d7 Ke7 58. d8=Q+ Kxd8 59. Nf7+
Ke7 60. Nxg5 Bc8 61. Ke5 Bd7 62. h4 Bg4 63. Nh7 Be2 64. Nf6 Bf3 65. Ng8+ Kf8
66. Nh6 Ke7 67. Nf5+ Kf7 68. Nd6+ Ke7 69. Kf4 Bg4 70. e5 Ke6 71. Ke4 Bh3 72.
Ne8 Bg4 73. Nf6 Be2 74. Kd4 Bd1 75. Ne4 Bg4 76. Nf2 Bf5 77. Ne4 Bg4 78. Ng5+
Ke7 79. Ke4 Kd7 80. Kf4 Ke7 81. Nf3 Ke6 82. Nd4+ Kd5 83. Nc2 Ke6 84. Ne1 Be2
85. Ke3 Bg4 86. Nd3 Kd5 87. Kf4 Ke6 88. Nf2 Be2 89. Ke3 Bc4 90. Kf4 Be2 91. Ne4
Bg4 92. Nf6 Be2 93. Ne8 Bg4 94. Nc7+ Kd7 95. Na6 Kc8 96. Kg5 Kd7 97. Kf6 Bh3
98. e6+ Ke8 99. Nc7+ Kd8 100. e7+ Kxc7 101. e8=Q Bg4 102. Kg5 Kb7 103. Qxh5
Bxh5 104. Kxh5 Kc7 105. Kg6 1-0

[Event "IX Open"]
[Site "Condino ITA"]
[Date "2009.07.28"]
[Round "3"]
[White "Dittmar, Peter"]
[Black "Schaberg, Wolfgang"]
[Result "1-0"]
[WhiteElo "2357"]
[BlackElo "1953"]
[PlyCount "73"]
[EventDate "2009.07.27"]

1. b3 c5 2. Bb2 Nc6 3. Nf3 d5 4. e3 Nf6 5. Bb5 Bd7 6. O-O e6 7. Bxc6 Bxc6 8.
Ne5 Qc7 9. f4 Bd6 10. d3 O-O-O 11. Nd2 h5 12. Qe2 Ne8 13. e4 f6 14. Nxc6 Qxc6
15. e5 Be7 16. Rae1 f5 17. a4 g5 18. fxg5 Bxg5 19. Nf3 Be7 20. d4 Nc7 21. dxc5
Bxc5+ 22. Bd4 Rdg8 23. Qf2 b6 24. c3 Kd7 25. Qd2 Be7 26. Be3 Qa8 27. Ra1 Rg6
28. a5 b5 29. Bg5 h4 30. Bxe7 Kxe7 31. h3 a6 32. Qd4 Qc6 33. Ra2 Rg3 34. Kh2
Kd7 35. Rc1 Rhg8 36. Qxh4 b4 37. Qxb4 1-0